| 000 -LEADER |
| fixed length control field |
00388nam a22001457a 4500 |
| 005 - DATE AND TIME OF LATEST TRANSACTION |
| control field |
20230816164844.0 |
| 008 - FIXED-LENGTH DATA ELEMENTS--GENERAL INFORMATION |
| fixed length control field |
230810s1968 fr ||||| |||| 00| 0 fre d |
| 080 ## - UNIVERSAL DECIMAL CLASSIFICATION NUMBER |
| Universal Decimal Classification number |
75 F-85 |
| 100 ## - MAIN ENTRY--PERSONAL NAME |
| Personal name |
De Franciscis, Alfonso |
| 9 (RLIN) |
19661 |
| 245 ## - TITLE STATEMENT |
| Title |
Pompei / |
| Statement of responsibility, etc. |
Alfonso De Franciscis. |
| 264 ## - PRODUCTION, PUBLICATION, DISTRIBUTION, MANUFACTURE, AND COPYRIGHT NOTICE |
| Place of production, publication, distribution, manufacture |
Novara, |
| Date of production, publication, distribution, manufacture, or copyright notice |
1968. |
| 300 ## - PHYSICAL DESCRIPTION |
| Extent |
108 p. : |
| Other physical details |
ill.; |
| Dimensions |
31 cm. |
| 653 ## - INDEX TERM--UNCONTROLLED |
| keyword |
პომპეი |
| 942 ## - ADDED ENTRY ELEMENTS (KOHA) |
| Source of classification or shelving scheme |
|
| Koha item type |
წიგნი |